书目信息 |
| 题名: |
当代体育教育学与管理研究
|
|
| 作者: | 张跃敏 著 | |
| 分册: | ||
| 出版信息: | 北京 中国水利水电出版社 2022.09 |
|
| 页数: | 190页 | |
| 开本: | 23cm | |
| 丛书名: | ||
| 单 册: | ||
| 中图分类: | G807.01 | |
| 科图分类: | ||
| 主题词: | 体育教育--ti yu jiao yu--教育理论 , 体育教育--ti yu jiao yu--教育管理 | |
| 电子资源: | ||
| ISBN: | 978-7-5170-6585-2 | |
| 000 | 01053nam0 2200265 450 | |
| 001 | 012001000319 | |
| 005 | 20141201132316.0 | |
| 010 | @a978-7-5170-6585-2@dCNY48.00 | |
| 099 | @aCAL 012019002524 | |
| 100 | @a20220905d2018 em y0chiy50 ea | |
| 101 | 0 | @achi |
| 102 | @aCN@b110000 | |
| 105 | @ay a 000yy | |
| 106 | @ar | |
| 200 | 1 | @a当代体育教育学与管理研究@Adang dai ti yu jiao yu xue yu guan li yan jiu@f张跃敏著 |
| 210 | @a北京@c中国水利水电出版社@d2022.09 | |
| 215 | @a190页@d23cm | |
| 320 | @a有书目 (第189-190页) | |
| 330 | @a本书围绕大学生体育教育学与管理的研究,展开论述,内容主要分为两个部分:第一部分是体育教育学,包括体育教育学的概述、体育教育的内涵、体育教育的追求和实施、大学体育与健康;第二部分是体育教育学中的管理,包括体育教育管理的综述、体育教学活动的管理、体育教学主体及资源的管理。 | |
| 606 | 0 | @a体育教育@Ati yu jiao yu@x教育理论 |
| 606 | 0 | @a体育教育@Ati yu jiao yu@x教育管理 |
| 690 | @aG807.01@v5 | |
| 701 | 0 | @a张跃敏@Azhang yue min@4著 |
| 801 | 0 | @aCN@bAHXH@c20221111 |
| 905 | @b1369146-50@dG807.01@e2038@f5 | |
| 当代体育教育学与管理研究/张跃敏著.-北京:中国水利水电出版社,2022.09 |
| 190页;23cm |
| ISBN 978-7-5170-6585-2:CNY48.00 |
| 本书围绕大学生体育教育学与管理的研究,展开论述,内容主要分为两个部分:第一部分是体育教育学,包括体育教育学的概述、体育教育的内涵、体育教育的追求和实施、大学体育与健康;第二部分是体育教育学中的管理,包括体育教育管理的综述、体育教学活动的管理、体育教学主体及资源的管理。 |
| ● |
| 相关链接 |
|
|
|
|
正题名:当代体育教育学与管理研究
索取号:G807.01/2038
 
预约/预借
| 序号 | 登录号 | 条形码 | 馆藏地/架位号 | 状态 | 备注 |
| 1 | 1369146 | 213691469 | 第一样本阅览室/ [索取号:G807.01/2038] | 在馆 | |
| 2 | 1369147 | 213691478 | 教育系资料室/ [索取号:G807.01/2038] | 在馆 | |
| 3 | 1369148 | 213691487 | 教育系资料室/ [索取号:G807.01/2038] | 在馆 | |
| 4 | 1369149 | 213691496 | 第四借阅区/ [索取号:G807.01/2038] | 在馆 | |
| 5 | 1369150 | 213691502 | 第四借阅区/ [索取号:G807.01/2038] | 在馆 |